Detalles MARC
| 000 -CABECERA |
| campo de control de longitud fija |
02152nam a2200301 i 4500 |
| 001 - NÚMERO DE CONTROL |
| campo de control |
16081 |
| 003 - IDENTIFICADOR DEL NÚMERO DE CONTROL |
| campo de control |
DO-SdUEMH |
| 005 - FECHA Y HORA DE LA ÚLTIMA TRANSACCIÓN |
| campo de control |
20251128172840.0 |
| 007 - CAMPO FIJO DE DESCRIPCIÓN FÍSICA--INFORMACIÓN GENERAL |
| campo de control de longitud fija |
ta |
| 008 - DATOS DE LONGITUD FIJA--INFORMACIÓN GENERAL |
| campo de control de longitud fija |
211105s1994||||dr |||gr|||||||1 | spa d |
| 040 ## - FUENTE DE LA CATALOGACIÓN |
| Centro catalogador/agencia de origen |
|
| Lengua de catalogación |
spa |
| Normas de descripción |
rda |
| 041 ## - CÓDIGO DE LENGUA |
| Código de lengua del texto/banda sonora o título independiente |
spa |
| 082 14 - NÚMERO DE LA CLASIFICACIÓN DECIMAL DEWEY |
| Número de clasificación |
RD 972.93053 G216G |
| Número de documento/Ítem |
G216 |
| Colección |
Colección Dominicana |
| 084 ## - OTRO NÚMERO DE CLASIFICACIÓN |
| Item number |
08-00954 |
| 100 ## - ENTRADA PRINCIPAL--NOMBRE DE PERSONA |
| Nombre de persona |
GARCiA, JOSE GABRIEL, 1834-1910 |
| Término indicativo de función/relación |
autor |
| 245 ## - MENCIÓN DE TÍTULO |
| Título |
Guerra de la separación dominicana: |
| Resto del título |
documentos para su historia / |
| Mención de responsabilidad, etc. |
García, José Gabriel. |
| 250 ## - MENCIÓN DE EDICIÓN |
| Mención de edición |
Segunda edición |
| 260 ## - PUBLICACIÓN, DISTRIBUCIÓN, ETC. |
| Date of publication, distribution, etc. |
1994 |
| 264 #1 - PRODUCCIÓN, PUBLICACIÓN, DISTRIBUCIÓN, FABRICACIÓN Y COPYRIGHT |
| Lugar de producción, publicación, distribución, fabricación |
Santo Domingo, República Dominicana : |
| Nombre del de productor, editor, distribuidor, fabricante |
Alfa & Omega, |
| Fecha de producción, publicación, distribución, fabricación o copyright |
1994 |
| 264 #4 - PRODUCCIÓN, PUBLICACIÓN, DISTRIBUCIÓN, FABRICACIÓN Y COPYRIGHT |
| Fecha de producción, publicación, distribución, fabricación o copyright |
©1994 |
| 300 ## - DESCRIPCIÓN FÍSICA |
| Extensión |
143 páginas : |
| Otras características físicas |
sin ilustraciones ; |
| Dimensiones |
22 cm. |
| 336 ## - TIPO DE CONTENIDO |
| Fuente |
rdacontent |
| Término de tipo de contenido |
texto |
| Código de tipo de contenido |
txt |
| 337 ## - TIPO DE MEDIO |
| Fuente |
rdamedia |
| Nombre del tipo de medio |
sin mediación |
| Código del tipo de medio |
n |
| 338 ## - TIPO DE SOPORTE |
| Fuente |
rdacarrier |
| Nombre del tipo de soporte |
volumen |
| Código del tipo de soporte |
nc |
| 505 #2 - NOTA DE CONTENIDO CON FORMATO |
| Nota de contenido con formato |
Capítulo I: Preliminares (Pronunciamiento de la Puerta del Conde, Capitulación y Protesta) -- Capítulo II: Primera Campaña (Acciones de la Fuente del Rodeo, Las cabezas de las Marías y Azua, Abandono de esta población, Sus consecuencias, Talanquera y Santiago, Sus resultados, Guayubín, Tortuguero, Retirada del ejército haitiano, Ocupación de Azua, Neiva, San Juan y Las Matas, Primer ataque de Caciman) -- Capítulo III: Segunda Campaña (Comendador, Segundo ataque de Caciman, Primero de El Puerto, Las Cahobas, Hondovalle, Los Pinos, El Oreganal, Tercer ataque de Caciman, Estrelleta, Beler, Maluís o La Posa del Diablo) -- Capítulo IV: Tercera Campaña (Rumores de invasión, Preparativos, Acontecimientos de Las Matas, Progreso de invasión, Pérdida de Azua, El Número 1, Las Charcas, Sus consecuencias, Guerra ofensiva, Operaciones marítimas) -- Capítulo V: La Tregua (El Callejón y Postrer Río, Operaciones sobre las fronteras del Norte, Otros incidentes, Actitud patriótica del gobierno) -- Capítulo VI: Cuarta Campaña (Preparativos para la resistencia, Rompimiento de las hostilidades, San José, Samaná, Cambonal, Sabana Larga, Caciman y El Número 2) -- Capítulo VII: Apéndice (Versiones haitianas respecto a los incidentes de la guerra). |
| 942 ## - ELEMENTOS DE PUNTO DE ACCESO ADICIONAL (KOHA) |
| Fuente del sistema de clasificación o colocación |
Dewey Decimal Classification |
| Tipo de ítem Koha |
Libro |
| Suprimir en OPAC |
No |